Datum a čas kvízu

38 Celkem bodů Celkový počet nahraných bodů na tomto kvízu bez doplňovacích otázek.
1. Pořadí na kvízu Konečné umístění týmu na tomto kvízu.

Zaznamenané odpovědi

# Otázka Odpověď Body Výsledky
1. Ministerstvo zdravotnictví zve... od 9 let 0
2. Minulý týden byla předložena t... na Slovensku 1
3. 38letá česká herečka minulý tý... Veronika Khek Kubařová 1
4. V Česku bude nový multimiliard... Petr Kellner (mladší) 1
5. Minulý týden pobavila sociální... D) moucha (lezoucí po míčku) 0
6. Brukvovitá zelenina obsahuje s... brokolice 1
7. Rostlinu, jejíž kořen je bohat... pampeliška 1
8. Nyní se ptáme na název koření,... pepř 1
9. Uveďte rodové jméno vytrvalé r... meduňka 1
10. Hřebíček je oblíbené koření vy... C) poupě 1